| 000 | 02594aaa a2200313 i 4500 | ||
|---|---|---|---|
| 001 | 768714001 | ||
| 003 | CO-MdFUSB | ||
| 005 | 20220601124047.0 | ||
| 008 | 220601t2009 sp |||| |||| 00| 0 spa d | ||
| 020 | _a9788481699340 | ||
| 040 |
_bspa. _aCO-MdFUSB _cCO-MdFUSB _dCO-MdFUSBC _erda |
||
| 041 | _aspa | ||
| 082 | 0 | 4 |
_a225.9 _2C4777 |
| 245 | 1 | 0 |
_aJesús y la arqueología _cEditado por James H. Charlesworth ; traducido por José Pedro Tosaus Abadía |
| 264 | 1 |
_aEspaña : _bVerbo Divino, _c[2009] |
|
| 264 | 4 | _c© 2009 | |
| 300 |
_a687 p. ; Cartoné; 15.5 × 24 cm _c; |
||
| 336 |
_2rdacontent _atexto _btxt |
||
| 337 |
_2rdamedia _asin mediación _bn |
||
| 338 |
_2rdacarrier _avolumen _bnc |
||
| 500 | _aTítulo original: Jesus and archaeology \ Contiene índice geográfico \ Contiene glosario. | ||
| 501 | _aPasta dura | ||
| 505 | _aLa Investigación sobre Jesús y la arqueología / James H. Charlesworth -- La arqueología y el Jesús histórico / Sean Freyne -- La recuperación de la mamzerut de Jesús / Bruce Chilton -- ¿Construyó Antipas el teatro de Séforis? / Richard A. Batey -- Khirbet Qana (y otros pueblos) como contexto de Jesús / Peter Richardson -- Betsaida / Rami Arav -- El monte Tabor / Frédéric Manns -- Jesús el exorcista a la luz de las fuentes epigráficas / Esther Eshel -- ¿Asistió Jesús a la sinagoga? / James D. G. Duna -- Sinagogas y espiritualidad: el caso de Beth Alfa / Benedict Thomas Viviano, O.P. -- La inscripción sinagogal de Teodoto y el problema de los edificios sinagogales del siglo I / John S. Kloppenborg -- Jesús y el teatro de Jerusalén / Achim Lichtenberger -- Jesús y el monte del Templo herodiano / Dan Bahat -- El monte Sión, Jesús y la arqueología / Bargil Pixner, O.S.B. -- Caifás, Pilato y Simón de Cirene de nuevo a la luz / Craig A. Evans -- La "casa de piedra", la Birah y la Antonia en tiempos de Jesús / Daniel R. Schwartz -- Milagros, maleficium y maiestas en el juicio de Jesús / John W. Welch -- Ramat Hanadiv y Engadí: propiedad y pobreza en Judea antes del 70 / Yizhar Hirschfeld -- Entre Jerusalén y Galilea: Samaría en tiempos de Jesús / Jürgen Zangenberg -- Los santuarios del bautismo en la ribera este del río Jordán / Michele Piccirillo, O.F.M.-- Los cementerios de Qumrán y el celibato: ¿confusión enterrada? / Joseph E. Zias -- Casas de la comunidad esenias y comunidad primitiva de Jesús / Brian J. Capper | ||
| 650 | 7 |
_aArqueología bíblica _2embne _92124 |
|
| 650 | 7 |
_aCristología _9239 |
|
| 700 | 1 | _aCharlesworth, James H. , ed. | |
| 942 | _cBK | ||
| 945 | _aEstudiante | ||
| 999 |
_c42673 _d42673 |
||